| 000 | 00350nam a2200145Ia 4500 | ||
|---|---|---|---|
| 003 | LK-CoDNM | ||
| 008 | 010623t1891 xxu||||| |||| 00| 1 eng d | ||
| 040 |
_aLK-CoDNM _dLK-CoDNM _eLK-CoDNM |
||
| 041 | _aeng | ||
| 080 | _a6 B.2 | ||
| 245 | _aCeylon et les Indes | ||
| 260 |
_bAlbert savine _aParis _c1891 |
||
| 300 | _b411p., iill., 17 cm | ||
| 942 | _cBK | ||
| 999 |
_c83306 _d83306 |
||